LIBRARY & INFORMATION CENTRE, KCAET, TAVANUR

ONLINE PUBLIC ACCESS CATALOGUE (OPAC)

Irrigation engineering : syphons, weirs and locks : design text books in civil engineering, Vol 2 / (Record no. 1809)

MARC details
000 -LEADER
fixed length control field 00498cam a2200169ua 4500
003 - CONTROL NUMBER IDENTIFIER
control field OSt
008 - FIXED-LENGTH DATA ELEMENTS--GENERAL INFORMATION
fixed length control field 250822b |||||||| |||| 00| 0 eng d
020 ## - INTERNATIONAL STANDARD BOOK NUMBER
ISBN 0 412 07330 7
041 ## - LANGUAGE CODE
Language code of text/sound track or separate title eng
082 ## - DEWEY DECIMAL CLASSIFICATION NUMBER
Classification number 627.883
Item number LEL/IR
100 ## - MAIN ENTRY--AUTHOR NAME
Personal name Leliavsky, Serge .
245 ## - TITLE STATEMENT
Title Irrigation engineering : syphons, weirs and locks : design text books in civil engineering, Vol 2 /
250 ## - EDITION STATEMENT
Edition statement 1 /
260 ## - PUBLICATION, DISTRIBUTION, ETC. (IMPRINT)
Place of publication New Delhi :
Name of publisher Oxford & IBH Publishing company ,
Year of publication 1965.
300 ## - PHYSICAL DESCRIPTION
Number of Pages 296 ; .
942 ## - ADDED ENTRY ELEMENTS (KOHA)
Koha item type Books
Holdings
Withdrawn status Lost status Damaged status Home library Current library Date acquired Full call number Accession Number Koha item type
      KAUAET KAUAET 01/09/1986 627.883 LEL/IR 15560 Books
      KAUAET KAUAET 07/04/2012 627.883 LEL/IR 14651 Books
      KAUAET KAUAET 07/04/2012 627.883 LEL/IR 16990 Books
free website counter